[Event "AUTO-INT-2725"]
[Site "http://www.queenalice.com/game.php?id=1219450"]
[Date "2013.9.24"]
[Round "1"]
[White "Philchess"]
[Black "Gamingo"]
[Result "0-1"]
[WhiteElo "1649"]
[BlackElo "1685"]

1. d4 d5 2. e3 c6 3. c4 Nf6 4. Nf3 Bg4 5. Nbd2 e6 6. b3 Bb4 7. a3 Bxd2+ 8. Bxd2
O-O 9. Be2 Nbd7 10. h3 Bxf3 11. Bxf3 c5 12. O-O Ne4 13. Bxe4 Nf6 14. Bxh7+ Nxh7
15. cxd5 cxd4 16. exd4 exd5 17. Bb4 Re8 18. Qg4 Nf6 19. Qf3 a5 20. Bd2 Qb6 21.
Bg5 Ne4 22. Be3 Rac8 23. b4 axb4 24. axb4 Ra8 25. Rxa8 Rxa8 26. Rb1 Ra4 27. b5
Nc3 28. Rb3 Ra1+ 29. Kh2 Ne4 30. g3 Ra5 31. Qh5 Rxb5 32. Rxb5 Qxb5 33. h4 Nf6
34. Qf5 Qd7 35. Qf3 b5 36. Bg5 Qd6 37. Qb3 Ne4 38. Bf4 Qc6 39. f3 Nf6 40. Be5
Nd7 41. Bf4 Nb6 42. g4 Qc4 43. Qb2 Na4 44. Qa1 f6 45. h5 Qb3 46. Kg3 Qb2 47. Qd1
Nc3 48. Qd3 Ne2+ 49. Kh4 Nxf4 50. g5 Nxd3 51. gxf6 Qxd4+ 52. Kg3 Qxf6 0-1

[Event "AUTO-INT-2725"]
[Site "http://www.queenalice.com/game.php?id=1219451"]
[Date "2013.9.24"]
[Round "1"]
[White "Gamingo"]
[Black "Philchess"]
[Result "1-0"]
[WhiteElo "1669"]
[BlackElo "1672"]

1. e4 c5 2. d4 cxd4 3. c3 dxc3 4. Nxc3 e6 5. Nf3 Nc6 6. Bb5 Bb4 7. Qb3 Bxc3+ 8.
Qxc3 f6 9. O-O e5 10. b3 a6 11. Bc4 Nge7 12. Ba3 b5 13. Bd5 Nxd5 14. exd5 b4 15.
Bxb4 Nxb4 16. Qxb4 d6 17. Rac1 O-O 18. Nh4 f5 19. Rc6 a5 20. Qxd6 Qxh4 21. Qxe5
Bb7 22. Rc7 Qg5 23. Rxb7 Rae8 24. Qd4 Re4 25. Qd3 Re7 26. Rxe7 Qxe7 27. d6 Qd7
28. Rd1 g6 29. Qd5+ Kg7 30. Qxa5 Rf6 31. Qc7 Qxc7 32. dxc7 Rc6 33. Rd7+ Kh6 34.
h3 f4 35. a4 Rc1+ 36. Kh2 Rc2 37. f3 Rc3 38. b4 g5 39. b5 Rc5 40. b6 Kg6 41. b7
h5 42. b8=Q Kf5 43. Qf8+ Ke6 44. Qxc5 1-0

[Event "AUTO-INT-2725"]
[Site "http://www.queenalice.com/game.php?id=1219462"]
[Date "2013.9.24"]
[Round "1"]
[White "AndreChess"]
[Black "Gamingo"]
[Result "0-1"]
[WhiteElo "1582"]
[BlackElo "1700"]

1. e4 e5 2. Nf3 Nc6 3. Bb5 a6 4. Bxc6 dxc6 5. d3 Bg4 6. h3 Bxf3 7. Qxf3 Nf6 8.
Bg5 Be7 9. Nc3 Qd7 10. a3 O-O-O 11. O-O-O Rhf8 12. Ne2 h6 13. Bxf6 Bxf6 14. Qg3
Qe6 15. c4 b5 16. Qg4 Qxg4 17. hxg4 Bg5+ 18. Kb1 Kb7 19. c5 a5 20. a4 b4 21. b3
Rd7 22. g3 Be7 23. f4 f6 24. g5 Bxc5 25. gxh6 gxh6 26. Rxh6 exf4 27. Nxf4 Bd4
28. Ne6 Rg8 29. Nxd4 Rxd4 30. Rxf6 Rxg3 31. Kc2 c5 32. Rd2 Rd6 33. Rdf2 Rgxd3
34. Rxd6 Rxd6 35. e5 Re6 36. Rf5 Kc6 37. Kd3 Kd5 38. Kd2 Rxe5 39. Rf8 c4 40.
Rd8+ Kc6 41. Ra8 cxb3 42. Kc1 Kb7 43. Rh8 c6 44. Rh3 c5 45. Rxb3 c4 46. Rg3 Kc6
47. Rg6+ Kd5 48. Ra6 Kd4 49. Kc2 b3+ 50. Kb2 Kd3 51. Rd6+ Ke4 52. Ka3 Rd5 53.
Re6+ Kd3 54. Rg6 Kc2 55. Rg1 Rd1 56. Rg2+ Rd2 57. Rg1 c3 58. Rg2 b2 59. Rg1 b1=Q
60. Rxb1 Kxb1 61. Kb3 c2 62. Ka3 c1=Q+ 0-1

[Event "AUTO-INT-2725"]
[Site "http://www.queenalice.com/game.php?id=1219463"]
[Date "2013.9.24"]
[Round "1"]
[White "Gamingo"]
[Black "AndreChess"]
[Result "1/2-1/2"]
[WhiteElo "1679"]
[BlackElo "1537"]

1. e4 e5 2. Nf3 d6 3. d4 f6 4. Bc4 exd4 5. Nxd4 c5 6. Nf3 Nc6 7. h3 a6 8. O-O b5
9. Bd5 Nge7 10. Qe2 Nxd5 11. exd5+ Ne5 12. Bf4 Bb7 13. Rd1 g5 14. Bh2 Bg7 15. b3
O-O 16. Nc3 Nxf3+ 17. Qxf3 b4 18. Ne4 f5 19. Nxd6 Bxa1 20. Nxb7 Qe7 21. Nd6 Be5
22. Nxf5 Bxh2+ 23. Kxh2 Qe5+ 24. Qg3 Qxg3+ 25. Nxg3 Rxf2 26. d6 Rd8 27. Ne4 Rf5
28. d7 Kf7 29. Rd6 Ke7 30. Rxa6 Rxd7 31. Kg3 h5 32. Kh2 h4 33. Rc6 Rd2 34. Nxd2
Kd7 35. Rg6 Rf2 36. Rxg5 Kc6 37. Ne4 Rxc2 1/2-1/2

[Event "AUTO-INT-2725"]
[Site "http://www.queenalice.com/game.php?id=1219468"]
[Date "2013.9.24"]
[Round "1"]
[White "tche_elvio"]
[Black "Gamingo"]
[Result "0-1"]
[WhiteElo "1518"]
[BlackElo "1659"]

1. d4 d5 2. c4 c6 3. Nc3 Nf6 4. h3 e6 5. Nf3 dxc4 6. e4 Bb4 7. Bd2 b5 8. a3 Bxc3
9. Bxc3 Nxe4 10. Qc2 Nxc3 11. Qxc3 O-O 12. b3 cxb3 13. Qxb3 Nd7 14. Bd3 Nf6 15.
O-O a5 16. a4 b4 17. Qc4 Qb6 18. Ne5 Ba6 19. Qc2 Bxd3 20. Qxd3 Rfd8 21. Nc4 Qxd4
22. Qxd4 Rxd4 23. Nb6 Rb8 24. Rfd1 Rxd1+ 25. Rxd1 Nd5 26. Nd7 Rc8 27. Ne5 c5 28.
Nc4 Ra8 29. g3 Kf8 30. Kg2 Ke7 31. Ne3 Nxe3+ 32. fxe3 Rd8 33. Rc1 Rc8 34. Kf3 c4
35. Ke4 c3 36. Kd3 e5 37. Kc2 b3+ 0-1

[Event "AUTO-INT-2725"]
[Site "http://www.queenalice.com/game.php?id=1219469"]
[Date "2013.9.24"]
[Round "1"]
[White "Gamingo"]
[Black "tche_elvio"]
[Result "1/2-1/2"]
[WhiteElo "1665"]
[BlackElo "1512"]

1. e4 e5 2. Nf3 Nc6 3. d4 Qf6 4. c3 exd4 5. Nxd4 Nxd4 6. Qxd4 Qxd4 7. cxd4 b6 8.
Nc3 Bb4 9. a3 Bxc3+ 10. bxc3 Bb7 11. Bd3 O-O-O 12. O-O Nf6 13. Bg5 h6 14. Bxf6
gxf6 15. f3 d5 16. exd5 Bxd5 17. Rfe1 Rhe8 18. Kf2 Rxe1 19. Rxe1 Kd7 20. g3 Re8
21. Rxe8 Kxe8 22. Ke3 c5 23. dxc5 bxc5 24. Be4 Bb3 25. Kf4 Ke7 26. Bh7 a5 27.
Ke4 Be6 28. Bf5 Kd6 29. h4 Bd5+ 30. Ke3 Ke5 1/2-1/2

[Event "AUTO-ADV-3048"]
[Site "http://www.queenalice.com/game.php?id=1246911"]
[Date "2014.1.10"]
[Round "1"]
[White "Gamingo"]
[Black "agilulfo"]
[Result "0-1"]
[WhiteElo "1759"]
[BlackElo "1923"]

1. e4 c5 2. d4 cxd4 3. c3 dxc3 4. Nxc3 d6 5. Bc4 Nf6 6. Nf3 g6 7. O-O Bg4 8. Qe2
Bg7 9. Bg5 O-O 10. Rac1 a6 11. Rfe1 Bxf3 12. Qxf3 b5 13. Bb3 Nbd7 14. h3 Qa5 15.
Qe2 b4 16. Nd5 Nxd5 17. Bxd5 Rae8 18. b3 e6 19. Bc6 Qxg5 20. Bxd7 Rd8 21. Ba4
Rc8 22. Rc6 Rxc6 23. Bxc6 a5 24. Qe3 Qc5 25. Qxc5 dxc5 26. Rd1 Bd4 27. Kf1 Rd8
28. f3 Kg7 29. Ke2 f5 30. exf5 gxf5 31. Bb5 h5 32. Bc4 e5 33. g4 hxg4 34. hxg4
fxg4 35. fxg4 Rf8 36. Rf1 Rxf1 37. Kxf1 Kg6 38. Kg2 e4 0-1

[Event "AUTO-ADV-3048"]
[Site "http://www.queenalice.com/game.php?id=1246912"]
[Date "2014.1.10"]
[Round "1"]
[White "agilulfo"]
[Black "Gamingo"]
[Result "1-0"]
[WhiteElo "1866"]
[BlackElo "1736"]

1. d4 d5 2. c4 c6 3. Nc3 Nf6 4. Nf3 e6 5. Bg5 Nbd7 6. e3 Bb4 7. a3 Bxc3+ 8. bxc3
O-O 9. cxd5 cxd5 10. c4 Qa5+ 11. Qd2 Qxd2+ 12. Nxd2 a6 13. Bxf6 Nxf6 14. Nb3 b6
15. cxd5 Nxd5 16. g3 Bb7 17. Bg2 Rfc8 18. O-O Rab8 19. Nd2 b5 20. Nb3 Ba8 21.
Nc5 a5 22. e4 Nc3 23. Bf3 Na4 24. Nxa4 bxa4 25. d5 Rb3 26. Bg2 exd5 27. exd5 Rd3
28. Rfd1 Rxd1+ 29. Rxd1 Rd8 30. f4 Kf8 31. Kf2 Ke7 32. d6+ Kd7 33. Bxa8 Rxa8 34.
Rd4 Ra6 35. Rxa4 Kxd6 36. Ke3 Ke6 37. Ke4 h5 38. Rd4 Rd6 39. h3 Rxd4+ 40. Kxd4
Kd6 41. a4 f6 42. g4 hxg4 43. hxg4 g6 44. Ke4 Kc5 45. g5 f5+ 46. Ke5 Kb4 47. Kf6
Kxa4 48. Kxg6 Kb4 49. Kxf5 a4 50. g6 a3 51. g7 1-0

[Event "AUTO-ADV-3048"]
[Site "http://www.queenalice.com/game.php?id=1246913"]
[Date "2014.1.10"]
[Round "1"]
[White "Gamingo"]
[Black "thigo"]
[Result "1-0"]
[WhiteElo "1716"]
[BlackElo "1709"]

1. e4 e5 2. Nf3 Nf6 3. Nc3 Bc5 4. Bc4 Ng4 5. O-O c6 6. h3 Nf6 7. a3 d5 8. Ba2
O-O 9. exd5 cxd5 10. d3 Bd4 11. Nxd4 exd4 12. Ne2 Nc6 13. Bg5 h6 14. Bxf6 Qxf6
15. Bxd5 Ne7 16. Be4 a6 17. Ng3 Qh4 18. Qh5 Qf4 19. Rad1 Ra7 20. Qf3 Qc7 21. Qe2
Bd7 22. b3 Re8 23. Rd2 f5 24. Bf3 f4 25. Ne4 Nd5 26. Qd1 b5 27. Bg4 Bxg4 28.
Qxg4 a5 29. Re1 b4 30. a4 Nc3 31. Nf6+ Kf7 32. Nxe8 Qd8 33. Qxg7# 1-0

[Event "AUTO-ADV-3048"]
[Site "http://www.queenalice.com/game.php?id=1246914"]
[Date "2014.1.10"]
[Round "1"]
[White "thigo"]
[Black "Gamingo"]
[Result "0-1"]
[WhiteElo "1657"]
[BlackElo "1747"]

1. e4 e5 2. b3 Nf6 3. Nf3 Nc6 4. Nc3 Bc5 5. Bc4 O-O 6. Na4 Be7 7. c3 Nxe4 8. O-O
Nf6 9. Nc5 Bxc5 10. a3 a6 11. b4 Ba7 12. d4 exd4 13. cxd4 d5 14. Bb3 Bg4 15. Bg5
Bxd4 16. Rb1 Qd6 17. Bxf6 Bxf6 18. Bxd5 Bxf3 19. Qxf3 Rad8 20. Rbd1 Qd7 21. Bxc6
Qxc6 22. Qxc6 bxc6 23. Rc1 Rd6 24. g3 Bb2 25. Rb1 Bxa3 26. Rfe1 Rd4 27. Re7 Rxb4
28. Ra1 Rb1+ 29. Rxb1 Bxe7 30. Rb7 Bd6 31. Ra7 c5 32. Rxa6 g6 33. Kf1 Re8 0-1

[Event "AUTO-ADV-3048"]
[Site "http://www.queenalice.com/game.php?id=1246915"]
[Date "2014.1.10"]
[Round "1"]
[White "Gamingo"]
[Black "RDario"]
[Result "1-0"]
[WhiteElo "1723"]
[BlackElo "1915"]

1. e4 d6 2. d4 Nd7 3. Nf3 Ngf6 4. Nc3 h6 5. Bc4 g5 6. O-O Bg7 7. e5 dxe5 8. dxe5
Nh7 9. e6 fxe6 10. Bxe6 Bxc3 11. bxc3 Kf8 12. Qd4 Nhf6 13. Ne5 c5 14. Qd3 Qc7
15. Ng6+ Kg7 16. Nxh8 Kxh8 17. Qg6 Nf8 18. Qxh6+ N6h7 19. Bxc8 Rxc8 20. Bxg5 Qe5
21. Rae1 Qxg5 22. Qxg5 Nxg5 23. Rxe7 Rb8 24. Rb1 Nge6 25. Rexb7 Rd8 26. Rxa7 Rd2
27. Rab7 Rxc2 28. a4 Rxc3 29. Ra1 Nd8 30. Rc7 Nfe6 31. Rc8 Kg7 32. a5 Nb7 33. a6
Na5 34. a7 Nb3 35. Re1 Nf4 36. g3 Nd2 37. a8=Q Nf3+ 38. Qxf3 Rxf3 39. Re3 Rxe3
40. fxe3 Nd3 41. h4 Kg6 42. Kg2 Kf5 43. Kh3 Nf2+ 44. Kg2 Ne4 45. Kh2 Kg4 46.
Rg8+ Kf3 47. Rf8+ Kxe3 48. g4 c4 49. g5 Kd2 50. Rc8 c3 51. g6 Nf6 52. Kg3 c2 53.
Rxc2+ Kxc2 54. Kf4 Kd3 55. Kf5 Ng8 56. h5 Nh6+ 57. Kg5 Ng8 58. h6 Nxh6 59. Kxh6
Ke4 60. g7 Ke5 61. g8=Q Kf6 62. Qd5 Ke7 63. Kg6 Ke8 64. Kf6 Kf8 65. Qf7# 1-0

[Event "AUTO-ADV-3048"]
[Site "http://www.queenalice.com/game.php?id=1246916"]
[Date "2014.1.10"]
[Round "1"]
[White "RDario"]
[Black "Gamingo"]
[Result "1-0"]
[WhiteElo "1908"]
[BlackElo "1732"]

1. d4 d5 2. c4 c6 3. Nc3 Nf6 4. Nf3 e6 5. Bf4 Nbd7 6. a3 dxc4 7. a4 Bb4 8. Bd2
O-O 9. e3 Bxc3 10. Bxc3 c5 11. Bxc4 Ne4 12. O-O b6 13. d5 Nxc3 14. bxc3 Nf6 15.
Bb3 Nxd5 16. Ne5 Nxc3 17. Qf3 Ba6 18. Rfe1 Qc7 19. Nc4 Bb7 20. Qf4 Qxf4 21. exf4
Rfd8 22. Ne5 Nd5 23. g3 Nf6 24. Rad1 Kf8 25. g4 Nd5 26. f5 exf5 27. gxf5 f6 28.
Ng4 Nf4 29. Rc1 Nd3 30. Be6 Nxc1 31. Rxc1 Rd4 32. Ne3 Rxa4 33. Nc4 Rd8 34. Ne3
Ra2 35. Bxa2 Ke7 36. Be6 Kd6 37. Rd1+ Ke7 38. Ra1 a6 39. Nc4 b5 40. Nb6 c4 41.
Re1 Kd6 42. Rd1+ Kc7 43. Nd5+ Bxd5 44. Bxd5 Kb6 45. Kf1 c3 46. Bb3 Rxd1+ 47.
Bxd1 b4 48. Bb3 a5 49. Ke2 Kc5 50. Kd3 g6 51. fxg6 hxg6 52. f4 Kb5 53. h4 a4 54.
Bc4+ Kc5 55. f5 b3 56. fxg6 c2 57. Kd2 1-0

[Event "Challenge"]
[Site "http://www.queenalice.com/game.php?id=1250703"]
[Date "2014.1.24"]
[Round "-"]
[White "Gamingo"]
[Black "vivoferreira"]
[Result "1-0"]
[WhiteElo "1728"]
[BlackElo "1577"]

1. e4 e5 2. Nf3 d6 3. d4 Bg4 4. dxe5 dxe5 5. Qxd8+ Kxd8 6. Nxe5 Be6 7. Nc3 Bb4
8. Bd2 Nf6 9. Bb5 c6 10. Ba4 Nbd7 11. Nxd7 Nxd7 12. O-O a6 13. Bb3 Bxb3 14. axb3
Ne5 15. Rad1 Ke7 16. Ne2 Bd6 17. Bc3 Rad8 18. Nd4 f6 19. Nf5+ Ke6 20. Nxg7+ Kf7
21. Nf5 Bc7 22. Rd2 Rxd2 23. Bxd2 Ng4 24. Nh6+ Nxh6 25. Bxh6 Be5 26. c3 Rd8 27.
g3 Rd6 28. f4 Re6 29. fxe5 Rxe5 30. Re1 f5 31. Kf2 fxe4 32. Ke3 Kf6 33. Bf4 Re6
34. Kd4 b6 35. Rxe4 c5+ 36. Kd5 Rxe4 37. Kxe4 Ke6 38. h4 b5 39. g4 1-0

[Event "AUTO-ADV-3106"]
[Site "http://www.queenalice.com/game.php?id=1267349"]
[Date "2014.3.22"]
[Round "1"]
[White "Gabriel_HD"]
[Black "Gamingo"]
[Result "1-0"]
[WhiteElo "2049"]
[BlackElo "1716"]

1. e4 e5 2. Nf3 Nc6 3. Bb5 a6 4. d3 Nf6 5. Bxc6 dxc6 6. Nxe5 Bd6 7. Nc4 Qe7 8.
O-O O-O 9. Re1 Be5 10. Nxe5 Qxe5 11. Qf3 h6 12. Qg3 Qxg3 13. hxg3 Be6 14. e5 Nd7
15. d4 Bd5 16. Nc3 b5 17. Nxd5 cxd5 18. e6 fxe6 19. Rxe6 Rf6 20. Re7 Rf7 21.
Rxf7 Kxf7 22. Bf4 c6 23. b3 Re8 24. a4 b4 25. Rc1 Nf6 26. c4 dxc4 27. Rxc4 1-0

[Event "AUTO-ADV-3106"]
[Site "http://www.queenalice.com/game.php?id=1267350"]
[Date "2014.3.22"]
[Round "1"]
[White "Gamingo"]
[Black "Gabriel_HD"]
[Result "0-1"]
[WhiteElo "1713"]
[BlackElo "2052"]

1. e4 e5 2. Nf3 Nc6 3. d4 exd4 4. Nxd4 Nxd4 5. Qxd4 c5 6. Qd1 Nf6 7. Bg5 Qe7 8.
Nc3 h6 9. Bxf6 Qxf6 10. Bc4 Bd6 11. Nd5 Qxb2 12. O-O O-O 13. Re1 Re8 14. Bb3 Qe5
15. g3 h5 16. f4 Qd4+ 17. Qxd4 cxd4 18. e5 Bb8 19. Rad1 a5 20. Kg2 b5 21. a4 b4
22. Rxd4 Bb7 23. Red1 Ba7 24. R4d2 Rac8 25. Kh3 Kh7 26. Kh4 Kh6 27. h3 Rxe5 28.
fxe5 g5# 0-1

[Event "AUTO-ADV-3106"]
[Site "http://www.queenalice.com/game.php?id=1267361"]
[Date "2014.3.22"]
[Round "1"]
[White "TITAN10"]
[Black "Gamingo"]
[Result "1-0"]
[WhiteElo "1832"]
[BlackElo "1748"]

1. e4 e5 2. Nf3 Nc6 3. Bb5 a6 4. Ba4 Nf6 5. O-O b5 6. Bb3 Bc5 7. c3 O-O 8. h3
Bb7 9. Re1 Na5 10. d4 exd4 11. cxd4 Nxb3 12. axb3 Ba7 13. Qe2 d6 14. d5 Re8 15.
Qd3 Bc8 16. Bg5 h6 17. Bh4 Kh8 18. Nbd2 Rg8 19. Rac1 g5 20. Bg3 Nh5 21. Bh2 g4
22. hxg4 Rxg4 23. Kh1 Qg8 24. Qf1 Nf4 25. Bxf4 Rxf4 26. g3 Rg4 27. Nh4 Bb6 28.
Re2 Bd7 29. Ng2 a5 30. Nf4 Rg7 31. Kg2 b4 32. Nc4 Bb5 33. Qh1 Kh7 34. Nxb6 cxb6
35. Rec2 Qd8 36. Qh3 Bd7 37. Qh2 Rc8 38. Rxc8 Bxc8 39. Rc6 Bb7 40. Rc1 Qd7 41.
Rh1 1-0

[Event "AUTO-ADV-3106"]
[Site "http://www.queenalice.com/game.php?id=1267362"]
[Date "2014.3.22"]
[Round "1"]
[White "Gamingo"]
[Black "TITAN10"]
[Result "0-1"]
[WhiteElo "1750"]
[BlackElo "1792"]

1. e4 c5 2. c3 Nc6 3. d4 cxd4 4. cxd4 d6 5. Bc4 Nf6 6. Nc3 Bg4 7. Nf3 Bxf3 8.
gxf3 a6 9. Bg5 h6 10. Bh4 Qc7 11. Qb3 e6 12. Bg3 Nxd4 0-1

[Event "AUTO-ADV-3106"]
[Site "http://www.queenalice.com/game.php?id=1267369"]
[Date "2014.3.22"]
[Round "1"]
[White "Gamingo"]
[Black "worldwide"]
[Result "1-0"]
[WhiteElo "1723"]
[BlackElo "1948"]

1. e4 e5 2. Nf3 d6 3. d4 exd4 4. Nxd4 g6 5. Nf3 Bg4 6. Bc4 Be6 7. Bxe6 fxe6 8.
Nc3 e5 9. Bg5 Be7 10. Qd2 h6 11. Bxe7 Nxe7 12. O-O g5 13. Nd5 g4 14. Nh4 c6 15.
Nxe7 Qxe7 16. Nf5 Qd7 17. Qxd6 Qxd6 18. Nxd6+ Kd7 19. Nxb7 Kc7 20. Nc5 h5 21.
Rad1 Rh7 22. Rd2 Nd7 23. Nxd7 Rxd7 24. Rxd7+ Kxd7 25. Rd1+ Ke6 26. c4 Rb8 27. b3
a5 28. Kf1 Rb4 29. Rb1 a4 30. Ke2 c5 31. Kd3 Rb6 32. Kc2 Kf6 33. Rd1 a3 34. Rd5
Rc6 35. Kc3 h4 36. g3 h3 37. Rd2 Ke6 38. b4 cxb4+ 39. Kxb4 Rd6 40. Rxd6+ Kxd6
41. Kxa3 Kc5 42. Kb3 Kd4 43. a4 1-0

[Event "AUTO-ADV-3106"]
[Site "http://www.queenalice.com/game.php?id=1267370"]
[Date "2014.3.22"]
[Round "1"]
[White "worldwide"]
[Black "Gamingo"]
[Result "1-0"]
[WhiteElo "1884"]
[BlackElo "1725"]

1. e4 e5 2. Bc4 Nf6 3. d3 Bc5 4. Nh3 d6 5. Ng5 O-O 6. Nf3 Nc6 7. a3 h6 8. b4 Bb6
9. Bb2 Re8 10. c3 a6 11. Nbd2 Be6 12. d4 exd4 13. Bxe6 Rxe6 14. cxd4 Re8 15. Qc2
Qd7 16. O-O Nd8 17. d5 Rc8 18. Bxf6 gxf6 19. Nc4 Ba7 20. Nh4 Qg4 21. Nf5 Qg6 22.
Ncxd6 cxd6 23. Qxc8 Kh7 24. Nxd6 Rg8 25. Qf5 Qxf5 26. Nxf5 b5 27. Rac1 1-0

[Event "AUTO-INT-2725"]
[Site "http://www.queenalice.com/game.php?id=1267587"]
[Date "2014.3.23"]
[Round "2"]
[White "afonte"]
[Black "Gamingo"]
[Result "1/2-1/2"]
[WhiteElo "2242"]
[BlackElo "1711"]

1. e4 e5 2. Nf3 Nc6 3. Bc4 Nf6 4. Ng5 Bc5 5. Nxf7 Bxf2+ 6. Kxf2 Nxe4+ 7. Kg1 Qh4
8. g3 Nxg3 9. hxg3 Qxg3+ 10. Kf1 Qf4+ 11. Ke1 Qg3+ 12. Kf1 Qf4+ 13. Ke1 Qg3+ 14.
Kf1 1/2-1/2

[Event "AUTO-INT-2725"]
[Site "http://www.queenalice.com/game.php?id=1267588"]
[Date "2014.3.23"]
[Round "2"]
[White "Gamingo"]
[Black "afonte"]
[Result "0-1"]
[WhiteElo "1725"]
[BlackElo "2234"]

1. e4 e5 2. Nf3 Nc6 3. d4 exd4 4. Nxd4 Nf6 5. Nxc6 bxc6 6. Nc3 h6 7. Bc4 Bb4 8.
e5 Ne4 9. O-O Nxc3 10. bxc3 Bxc3 11. Rb1 O-O 12. Qh5 Qe7 13. Bf4 d5 14. Bb3 Ba6
15. Rfd1 Rae8 16. h3 Qe6 0-1

[Event "AUTO-INT-2725"]
[Site "http://www.queenalice.com/game.php?id=1267591"]
[Date "2014.3.23"]
[Round "2"]
[White "daniel0176"]
[Black "Gamingo"]
[Result "0-1"]
[WhiteElo "1693"]
[BlackElo "1735"]

1. e4 e5 2. Bc4 Nf6 3. d3 Nc6 4. Nf3 Bc5 5. Qe2 O-O 6. Ng5 d6 7. Nxf7 Rxf7 8.
Bxf7+ Kxf7 9. Be3 Bxe3 10. Qxe3 Nd4 11. Qd2 Bg4 12. O-O Qd7 13. Nc3 h6 14. h3
Bxh3 15. Qe3 Bg4 16. Rac1 Ne2+ 17. Nxe2 Be6 18. d4 g5 19. dxe5 dxe5 20. Rcd1 Qc6
21. c3 Bxa2 22. Rc1 Qxe4 23. Qd2 Bd5 24. f3 Qc4 25. Rcd1 Rd8 26. Rfe1 Rd7 27.
Ng3 Bxf3 28. b3 Qc5+ 29. Qf2 Qxf2+ 30. Kh2 Qxg2# 0-1

[Event "AUTO-INT-2725"]
[Site "http://www.queenalice.com/game.php?id=1267592"]
[Date "2014.3.23"]
[Round "2"]
[White "Gamingo"]
[Black "daniel0176"]
[Result "1-0"]
[WhiteElo "1749"]
[BlackElo "1721"]

1. e4 d5 2. exd5 Qxd5 3. Nc3 Qd8 4. d4 h6 5. Nf3 Nf6 6. Bc4 e6 7. O-O Bd6 8. d5
e5 9. Re1 O-O 10. Nxe5 Bc5 11. Be3 Bd6 12. Nf3 Bg4 13. Be2 a6 14. Qd2 Bb4 15.
Rad1 Re8 16. a3 Bxc3 17. bxc3 Ne4 18. Qd4 c5 19. dxc6 Qc7 20. cxb7 Qxb7 21. Ne5
Bxe2 22. Rxe2 Nd7 23. Bf4 Nxe5 24. Qxe4 Qc7 25. Bxe5 Qa5 26. Qf4 g5 27. Qf6 Rxe5
28. Rxe5 Qxa3 29. Re7 Rf8 30. h3 Qa5 31. Rde1 Qd8 32. Qxa6 h5 33. Qd3 1-0

[Event "AUTO-INT-2725"]
[Site "http://www.queenalice.com/game.php?id=1267593"]
[Date "2014.3.23"]
[Round "2"]
[White "kykobr"]
[Black "Gamingo"]
[Result "1-0"]
[WhiteElo "1600"]
[BlackElo "1738"]

1. e4 e5 2. Nf3 Nc6 3. Bb5 a6 4. Ba4 b5 5. Bb3 Nf6 6. Ng5 Bc5 7. Nxf7 Bxf2+ 8.
Kxf2 Nxe4+ 9. Ke3 Qf6 10. Qf1 Qxf1 11. Rxf1 Rf8 12. Kxe4 d6 13. Nc3 Bb7 14. Bd5
Rb8 15. b3 Nd4 16. Bxb7 Rxb7 17. Nxe5 Rxf1 18. Kxd4 dxe5+ 19. Kxe5 Rf2 20. g4
Rxh2 21. Kf4 c5 22. Kg3 Rh1 23. Bb2 g5 24. Rxh1 Rd7 25. d3 Kf7 26. Rxh7+ Ke8 27.
Rxd7 Kxd7 28. Ne4 1-0

[Event "AUTO-INT-2725"]
[Site "http://www.queenalice.com/game.php?id=1267594"]
[Date "2014.3.23"]
[Round "2"]
[White "Gamingo"]
[Black "kykobr"]
[Result "1-0"]
[WhiteElo "1715"]
[BlackElo "1628"]

1. e4 c5 2. d4 cxd4 3. c3 dxc3 4. Nxc3 d6 5. Nf3 a6 6. Bc4 e6 7. O-O Nc6 8. a3
Nf6 9. Bg5 Be7 10. Re1 O-O 11. Bb3 h6 12. Be3 Ng4 13. Bc2 Nxe3 14. Rxe3 Qc7 15.
Qd3 e5 16. h3 f5 17. Qc4+ Kh8 18. Nd5 Qd8 19. exf5 Bxf5 20. Nxe7 Qxe7 21. Bxf5
Rxf5 22. Nh4 Rf4 23. Re4 Raf8 24. Rxf4 Qd8 25. Rxf8+ Qxf8 26. Ng6+ 1-0